000 00538nam a2200217Ia 4500
005 20250425162521.0
008 250425s9999 xx 000 0 und d
020 _a9789588613000
041 _aspa
082 _a330.9866
100 _aCORREA DELGADO, RAFAEL
245 0 _aECUADOR: DE BANANA REPUBLIC A LA NO REPUBLICA
250 _a1A ED.
260 _aBOGOTA
260 _aColombia
_bDEBATE
_c2009
300 _a198
650 _aDEUDA EXTERNA
650 _aECUADOR-CONDICIONES ECONOMICAS
942 _c01
010 _a80855
999 _c230834
_d230834